000 00709cab a2200229 4500
001 ABS51121
008 090401t1994 xxu||||| |||| 00| 0 eng d
035 _a(Sirsi) u11377
041 _aeng
100 _aGreeman, A.
245 _aChina: growth oriented
260 _c1994
350 _a0
490 _aNew Civil Engineer
_v21 July 1994, 14-15(2)
520 _aLooks at projects underway in China, where a huge construction programme is contributing towards its economic development. Considers opportunities for western companies.
650 _aCHINA
650 _aCONSTRUCTION MARKET
690 _aBUILT ENVIRONMENT
690 _aOVERSEAS-REST OF THE WORLD
942 _n0
948 _c04/03/1997
999 _c7248
_d7248